Introduction to linear algebra. (Record no. 5230)

MARC details
000 -LEADER
fixed length control field 01130cac a22003615a 4500
008 - FIXED-LENGTH DATA ELEMENTS--GENERAL INFORMATION
fixed length control field 150816t2002 mau a fr 000 0 eng d
010 ## -
-- 00054308
020 ## - INTERNATIONAL STANDARD BOOK NUMBER
International Standard Book Number 0321190432 (alk. paper)
020 ## - INTERNATIONAL STANDARD BOOK NUMBER
International Standard Book Number 9780321190437
020 ## - INTERNATIONAL STANDARD BOOK NUMBER
International Standard Book Number 9780201658590
020 ## - INTERNATIONAL STANDARD BOOK NUMBER
International Standard Book Number 0201658593
020 ## - INTERNATIONAL STANDARD BOOK NUMBER
International Standard Book Number 0321190432
020 ## - INTERNATIONAL STANDARD BOOK NUMBER
International Standard Book Number 9780321190437
040 ## - CATALOGING SOURCE
Original cataloging agency EG-ScBUE
Language of cataloging eng
Transcribing agency EG-ScBUE
082 04 - DEWEY DECIMAL CLASSIFICATION NUMBER
Classification number 512.5
Item number JOH
100 ## - MAIN ENTRY--PERSONAL NAME
Personal name Johnson, Lee W.
245 10 - TITLE STATEMENT
Title Introduction to linear algebra.
246 30 - VARYING FORM OF TITLE
Title proper/short title Linear algebra
250 ## - EDITION STATEMENT
Edition statement 5th ed. /
Remainder of edition statement Lee W. Johnson, R. Dean Riess, Jimmy T. Arnold.
260 ## -
-- Boston :
-- Addison-Wesley,
-- C.2002.
300 ## - PHYSICAL DESCRIPTION
Extent various pagings :
Other physical details ill. ;
Dimensions 25 cm.
336 ## - CONTENT TYPE
Source rdacontent
Content type term text
Content type code txt
337 ## - MEDIA TYPE
Media type term unmediated
Source rdamedia
Media type code n
338 ## - CARRIER TYPE
Carrier type term volume
Carrier type code nc
Source rdacarrier
500 ## - GENERAL NOTE
General note Includes index.
590 ## - LOCAL NOTE (RLIN)
Local note Mohamed Hussein
650 #0 - SUBJECT ADDED ENTRY--TOPICAL TERM
Topical term or geographic name as entry element Algebras, Linear.
Source of heading or term BUEsh
651 ## - SUBJECT ADDED ENTRY--GEOGRAPHIC NAME
Source of heading or term BUEsh
653 ## - INDEX TERM--UNCONTROLLED
Resource For college Engineering, General
Arrived date list August2015
700 1# - ADDED ENTRY--PERSONAL NAME
Personal name Riess, R. Dean
Fuller form of name (Ronald Dean),
Dates associated with a name 1940-
700 1# - ADDED ENTRY--PERSONAL NAME
Personal name Arnold, Jimmy T.
Fuller form of name (Jimmy Thomas),
Dates associated with a name 1941-
942 ## - ADDED ENTRY ELEMENTS (KOHA)
Koha item type Book - Borrowing
Call number prefix 512.5J661
Source of classification or shelving scheme Dewey Decimal Classification
Classification part RDA-MOD
Holdings
Withdrawn status Lost status Source of classification or shelving scheme Damaged status Not for loan Home library Current library Shelving location Date acquired Source of acquisition Total Checkouts Total Renewals Full call number Barcode Date last seen Date checked out Cost, replacement price Koha item type
    Dewey Decimal Classification     Central Library Central Library First floor 22/10/2007 Purchase 6 20 512.5 JOH 000002184 15/07/2025 06/03/2018 263.00 Book - Borrowing
    Dewey Decimal Classification     Central Library Central Library First floor 22/10/2007 Purchase 7   512.5 JOH 000006371 15/07/2025 18/12/2008   NB - Book (Non borrowing)